Origines sociales du christianisme / (Record no. 170192)
[ view plain ]
| 000 -LEADER | |
|---|---|
| campo de control de longitud fija | 00772nam a2200205 i 4500 |
| 001 - NÚMERO DE CONTROL | |
| campo de control | 170192 |
| 003 - IDENTIFICADOR DE NÚMERO DE CONTROL | |
| campo de control | ES-MaACL |
| 005 - FECHA Y HORA DE LA ÚLTIMA TRANSACCIÓN | |
| campo de control | 20230906214321.0 |
| 008 - DATOS DE LONGITUD FIJA--INFORMACIÓN GENERAL | |
| campo de control de longitud fija | 090210s1959 fr |||| | fre d |
| 080 ## - NÚMERO DE LA CLASIFICACIÓN DECIMAL UNIVERSAL | |
| Número de la Clasificación Decimal Universal | 27"00/03" |
| 100 0# - ENTRADA PRINCIPAL--NOMBRE DE PERSONA | |
| Nombre de persona | Alfaric, Prosper. |
| 9 (RLIN) | 19796 |
| 245 10 - MENCIÓN DEL TÍTULO | |
| Título | Origines sociales du christianisme / |
| Mención de responsabilidad, etc. | Prosper Alfaric ; ouvrage inédit présenté par Jacqueline Marchand ; préface de M. Jean Sarrailh. |
| 260 ## - PUBLICACIÓN, DISTRIBUCIÓN, ETC. | |
| Lugar de publicación, distribución, etc. | Paris : |
| Nombre del editor, distribuidor, etc. | L'Union Rationaliste, |
| Fecha de publicación, distribución, etc. | [1959] |
| 300 ## - DESCRIPCIÓN FÍSICA | |
| Extensión | VII, 389 p., [1] h. de lám. ; |
| Dimensiones | 23 cm. |
| 500 ## - NOTA GENERAL | |
| Nota general | Índice. |
| 650 ## - PUNTO DE ACCESO ADICIONAL DE MATERIA--TÉRMINO DE MATERIA | |
| Término de materia o nombre geográfico como elemento de entrada | Cristianismo- |
| Subdivisión general | Historia- |
| Subdivisión cronológica | S.I-VI. |
| 9 (RLIN) | 163038 |
| 700 1# - ENTRADA AGREGADA--NOMBRE PERSONAL | |
| Nombre de persona | Marchand, Jacqueline. |
| 9 (RLIN) | 139409 |
| 700 1# - ENTRADA AGREGADA--NOMBRE PERSONAL | |
| Nombre de persona | Sarrailh, Jean. |
| 9 (RLIN) | 103846 |
| 852 4# - LOCALIZACIÓN | |
| Ubicación | ES-MaACL |
| Número de control de estantería | E-12439 |
| itemnumber | R.140607 |
| Nota libre | . - Biblioteca Jacinto Martínez Lacalle |
| Estatus retirado | Estado de pérdida | Estado de daño | No para préstamo | Biblioteca de origen | Biblioteca actual | Ubicación en estantería | Fecha de adquisición | Fuente de adquisición | Total de préstamos | Signatura topográfica completa | Código de barras | Visto por última vez | Precio de reemplazo | Tipo de ítem Koha |
|---|---|---|---|---|---|---|---|---|---|---|---|---|---|---|
| Biblioteca del Ateneo de Madrid | Biblioteca del Ateneo de Madrid | Depósito 2 | 10/02/2009 | E-12439 | 1178677 | 23/02/2023 | 23/02/2023 | Libro impreso |
